[Event "Neckar op 1st"]
[Site "Deizisau"]
[Date "1997.??.??"]
[Round "7"]
[White "Ikonnikov, Vyacheslav"]
[Black "Farago, Ivan"]
[Result "1-0"]
[WhiteElo "2540"]
[BlackElo "2440"]

1.d4 Nf6 2.Nf3 e6 3.c4 b6 4.g3 Ba6 5.Qa4 Bb7 6.Bg2 c5 7.dxc5 bxc5 8.O-O Be7
9.Nc3 O-O 10.Rd1 Qb6 11.Bf4 d6 12.Rd2 Nc6 13.Ne1 h6 14.Qb3 Rfd8 15.Qxb6 axb6
16.Rad1 Na5 17.b3 Bxg2 18.Kxg2 Ne8 19.g4 Nc6 20.e3 Nb4 21.Nd3 Nc6 22.Nc1 Rab8
23.Nb5 Rb7 24.Ne2 Na7 25.Bxd6 Nxb5 26.Bxe7 Rxd2 27.Rxd2 Rxe7 28.cxb5 Rb7
29.Rd8 Kf8 30.a4 Ke7 31.Ra8 Nc7 32.Rc8 Kd7 33.Rg8 Ne8 34.Nf4 Ke7 35.Nd3 Nf6
36.Ra8 Nxg4 37.h3 Nf6 38.Ne5 Ne4 39.Nc4 Nd6 40.Kf3 Nxc4 41.bxc4 f5 42.a5 bxa5
43.Rxa5 g5 44.Ra6 Rc7 45.e4 fxe4+ 46.Kxe4 Rd7 47.Ke5 Rd4 48.Ra7+ Kd8 49.b6 Kc8
50.Rc7+ Kb8 51.Rxc5 Rf4 52.Rc7 Rxf2  1-0

[Event "Dresden op"]
[Site "Dresden"]
[Date "1997.??.??"]
[Round "6"]
[White "Rausch, Stephan"]
[Black "Bischoff, Klaus"]
[Result "0-1"]
[WhiteElo "2350"]
[BlackElo "2535"]

1.d4 Nf6 2.Nf3 e6 3.c4 b6 4.g3 Ba6 5.Nbd2 Bb7 6.Bg2 Be7 7.O-O O-O 8.Qc2 d5
9.Ne5 c5 10.b3 cxd4 11.Bb2 Bc5 12.Nd3 Qe7 13.cxd5 exd5 14.Rac1 Nc6 15.Nxc5 Nb4
16.Qf5 bxc5 17.a3 Qxe2 18.axb4 Qxd2 19.Ba3 Bc8 20.Qb1 cxb4 21.Rcd1 Qc3 22.Rc1 Qd2
23.Rcd1 Qg5 24.Bxb4 Bf5 25.Qa2 Rfe8 26.Rxd4 Be4 27.Bd2 Qe5 28.Ra4 Bxg2 29.Kxg2 Ne4
30.Bf4 Qe7 31.Rd4 Nc5 32.Qa3 Rad8 33.Rfd1 Ne6 34.Qxe7 Rxe7 35.Rxd5 Rxd5 36.Rxd5 Nxf4+
37.gxf4 f6 38.Rb5 Kf7 39.Kf3 Kg6 40.Rb8 Rc7 41.b4 h5 42.h4 Rc3+ 43.Kg2 Kf5
44.Rb7 g6 45.Rxa7 Kxf4 46.Ra6 Kf5 47.b5 Rc4 48.b6 Rb4 49.Kg3 Rb5 50.Kg2 g5
51.Kg3 Rb3+ 52.Kg2 gxh4 53.Ra5+ Kg6 54.Ra6 Kg5 55.Ra5+ f5 56.Ra6 Kg4 57.Ra4+ Kg5
58.Ra6 h3+ 59.Kh2 Kg4 60.f3+ Kxf3 61.Kxh3 f4 62.Kh2 Kg4 63.Ra2 Rxb6 64.Kg2 h4
65.Rc2 Rb1 66.Ra2 h3+ 67.Kh2 Re1 68.Rb2 Re4 69.Rb3 Re2+ 70.Kg1 f3 71.Rb1 h2+
72.Kh1 Re1+ 73.Kxh2 f2  0-1

[Event "Caledonian Masters"]
[Site "Edinburgh"]
[Date "1997.??.??"]
[Round "1"]
[White "Lehtivaara, Petri"]
[Black "Arkell, Keith C"]
[Result "1-0"]
[WhiteElo "2370"]
[BlackElo "2480"]

1.d4 e6 2.c4 Nf6 3.Nf3 b6 4.g3 Ba6 5.b3 b5 6.cxb5 Bxb5 7.Bg2 c5 8.O-O Bc6
9.Ba3 Na6 10.Nbd2 Be7 11.dxc5 Bxc5 12.Bxc5 Nxc5 13.Rc1 Nb7 14.Re1 Bxf3 15.Bxf3 Rb8
16.Nc4 O-O 17.e4 Ne8 18.Qd4 Na5 19.e5 Nxc4 20.Rxc4 d5 21.exd6 Nxd6 22.Ra4 Nb5
23.Qe5 Qd2 24.h4 Nc3 25.Rxa7 Nxa2 26.Bg4 Nb4 27.Rxf7 Qh6 28.Bxe6 Kh8 29.Rxf8+ Rxf8
30.Bc4 Qb6 31.Re2 h6 32.Qe3 Qa5 33.Qd4 Rd8 34.Qc3 Qc5 35.Re6 Kh7 36.Qf3 Rf8
37.Qe4+ Kh8 38.Qe3 Qh5 39.Re5 Qd1+ 40.Kg2 Nc2 41.Qe2 Qxe2 42.Rxe2 Nb4 43.Re7 Rb8
44.Bf7 Kh7 45.f4 Rd8 46.Kf3 Nc6 47.Re3 g5 48.hxg5 hxg5 49.f5 Kg7 50.Bc4 Nd4+
51.Ke4 Nc6 52.Rd3 Re8+ 53.Be6 Nd8 54.Rd6 Kf6 55.Kd5 Rh8 56.Bg8+ Ke7 57.Rg6 Rh1
58.f6+ Ke8 59.Ke4 Rf1 60.Bc4 Re1+ 61.Kf5 Nf7 62.Bxf7+  1-0

[Event "ROM-ch op (Women)"]
[Site "Eforie Nord"]
[Date "1997.??.??"]
[Round "?"]
[White "Caravan, Mariana"]
[Black "Peptan, Corina"]
[Result "0-1"]
[WhiteElo "2170"]
[BlackElo "2460"]

1.d4 Nf6 2.c4 e6 3.Nf3 b6 4.g3 Ba6 5.b3 Bb4+ 6.Bd2 Be7 7.Bg2 Bb7 8.O-O O-O
9.Nc3 c5 10.Bf4 d6 11.dxc5 bxc5 12.Qc2 a6 13.Rad1 Qc7 14.Ng5 Bxg2 15.Kxg2 Nbd7
16.Nge4 Nxe4 17.Nxe4 e5 18.Bg5 f6 19.Bc1 f5 20.Nc3 Nb6 21.f3 Qd7 22.Qd3 Qe6
23.Nd5 Nxd5 24.Qxd5 Qxd5 25.Rxd5 a5 26.Bd2 Kf7 27.f4 Ke6 28.fxe5 dxe5 29.Bc3 Bd6
30.Rfd1 Ra6 31.Bxa5 Rfa8 32.Bc3 Rb6 33.R1d2 Ra3 34.Kf3 e4+ 35.Kf2 g6 36.Bg7 g5
37.e3 h5 38.Bh6 Be7 39.Bg7 Bd6 40.Bh6 Be7 41.Bg7 Rba6 42.Bc3 Bd6 43.Kf1 h4
44.gxh4 gxh4 45.Rf2 Rxa2 46.Rdxf5 Rxf2+ 47.Rxf2 Ra3 48.Rb2 h3 49.Be1 Be5
50.Rb1 Bxh2 51.Bc3 Kf5 52.Ke2 Kg4 53.Rh1 Rxb3 54.Bf6 Bg3 55.Kd2 h2 56.Be7 Rb2+
57.Kc3 Be5+  0-1

[Event "RUS-Cup5"]
[Site "Ekaterinburg"]
[Date "1997.??.??"]
[Round "3"]
[White "Fominyh, Alexander"]
[Black "Obukhov, Alexander"]
[Result "1-0"]
[WhiteElo "2545"]
[BlackElo "2415"]

1.d4 Nf6 2.Nf3 e6 3.c4 b6 4.g3 Ba6 5.Qb3 c5 6.d5 exd5 7.cxd5 g6 8.Bg2 Bg7
9.O-O O-O 10.Nc3 d6 11.Bf4 Qe7 12.Rfe1 Nbd7 13.a4 Ng4 14.Bg5 Bf6 15.Bxf6 Qxf6
16.h3 Nge5 17.Nd2 c4 18.Qc2 Nc5 19.Nce4 Nxe4 20.Nxe4 Qe7 21.Qd2 f6 22.Ra3 Kg7
23.f4 Nd7 24.Qd4 Kg8 25.Nd2 Rac8 26.a5 b5 27.Qxa7 Ra8 28.Qd4 Rfe8 29.e4 Nc5
30.Bf1 Qg7 31.Rae3 Qa7 32.Kh2 Nd7 33.Qxa7 Rxa7 34.b4 cxb3 35.Nxb3 b4 36.Bxa6 Rxa6
37.Rc1 f5 38.e5 dxe5 39.fxe5 Rxe5 40.Rxe5 Nxe5 41.Rc8+ Kf7 42.Rb8 Rd6 43.Rxb4 Rxd5
44.a6 Rd7 45.Nd4 Rd5 46.Ra4 Nd7 47.a7 Nb6 48.Rb4 Ra5 49.Rxb6 Rxa7 50.Kg2 h6
51.h4 Ra2+ 52.Kf3 Ra3+ 53.Rb3 Ra4 54.Ne2 g5 55.h5 Ra6 56.Nd4 Kf6 57.Nc2 Re6
58.Rb4 Rc6 59.Ne3 Ra6 60.Rc4 Ke6 61.Rc8 Kf6 62.Rf8+  1-0

[Event "RUS-ch m3-4"]
[Site "Elista"]
[Date "1997.??.??"]
[Round "2.3"]
[White "Fominyh, Alexander"]
[Black "Epishin, Vladimir"]
[Result "1/2-1/2"]
[WhiteElo "2545"]
[BlackElo "2600"]

1.d4 Nf6 2.Nf3 e6 3.c4 b6 4.g3 Ba6 5.Qb3 c5 6.d5 exd5 7.cxd5 d6 8.Bg2 g6
9.O-O Bg7 10.Nc3 O-O 11.Bf4 Re8 12.Rfe1 Ne4 13.Qc2 Qe7 14.Nxe4 Qxe4 15.Qxe4 Rxe4
16.Bxd6 Nd7 17.Rab1 Rxe2 18.Rxe2 Bxe2 19.b3 c4 20.bxc4 Bxc4 21.Nd2 Bxa2 22.Rc1 Nf6
23.Be5 Re8 24.Bxf6 Bxf6 25.Ne4 Bb2 26.Rd1 f5 27.Nd6 Bb3 28.Rb1 Re2 29.Bf1 Rd2
30.Bc4 Rd1+ 31.Rxd1 Bxd1 32.Nc8 Kf8 33.Nxa7 Ba4 34.Nb5 Bxb5 35.Bxb5  1/2-1/2

[Event "Momotov mem"]
[Site "Enakievo"]
[Date "1997.??.??"]
[Round "?"]
[White "Kiselev, Sergey"]
[Black "Belikov, Vladimir"]
[Result "1/2-1/2"]
[WhiteElo "2485"]
[BlackElo "2500"]

1.d4 Nf6 2.Nf3 e6 3.c4 b6 4.g3 Ba6 5.b3 Bb4+ 6.Bd2 Be7 7.Bg2 c6 8.Bc3 d5
9.Ne5 Nfd7 10.Nxd7 Nxd7 11.Nd2 O-O 12.O-O Rc8 13.Re1 f5 14.a4 Bd6 15.Qb1 Nf6
16.a5 b5 17.c5 Bb8 18.b4 Qe8 19.Nf3 Ne4  1/2-1/2

[Event "Momotov mem"]
[Site "Enakievo"]
[Date "1997.??.??"]
[Round "?"]
[White "Bagaturov, Giorgi"]
[Black "Shneider, Aleksandr"]
[Result "1/2-1/2"]
[WhiteElo "2475"]
[BlackElo "2565"]

1.d4 Nf6 2.c4 e6 3.Nf3 b6 4.g3 Ba6 5.b3 Bb4+ 6.Bd2 Be7 7.Bg2 c6 8.Bc3 d5
9.Ne5 Nfd7 10.Nxd7 Nxd7 11.Nd2 O-O 12.O-O f5 13.b4 Nf6 14.a4 Rc8 15.Qb3 Ne4
16.Bxe4 fxe4 17.e3 Qe8 18.b5 Bb7 19.cxd5 cxb5 20.axb5 Bxd5 21.Qb2 Rc7 22.Rfc1 h5
23.Nf1 h4 24.Be1 Rxc1 25.Rxc1 Qh5 26.gxh4 Bxh4 27.Ng3 Bxg3 28.fxg3 Qf3 29.Qf2 Qh5
30.Qb2 Rf7 31.Rc8+ Kh7 32.Qc2 Bb7 33.Rc7 Rxc7 34.Qxc7 Qd1 35.Kf2 Qf3+ 36.Kg1 Qd1
37.Kf2 Bd5 38.Qf4 Qf3+ 39.Qxf3 exf3 40.Bb4 Kg6 41.g4 Bc4 42.Bd6 Bxb5 43.Bb8 Bc6
44.Bxa7 b5 45.Bc5 Kf7 46.h4 g6 47.Kg3 Be4 48.Bb4 Ke8 49.h5  1/2-1/2

[Event "Momotov mem"]
[Site "Enakievo"]
[Date "1997.??.??"]
[Round "?"]
[White "Kiselev, Sergey"]
[Black "Gurevich, Vladimir"]
[Result "1/2-1/2"]
[WhiteElo "2485"]
[BlackElo "2430"]

1.d4 Nf6 2.Nf3 e6 3.c4 b6 4.g3 Ba6 5.b3 Bb4+ 6.Bd2 Be7 7.Nc3 O-O 8.e4 d5
9.cxd5 Bxf1 10.Kxf1 exd5 11.e5 Ne4 12.Kg2 Qd7 13.Re1 Nxc3 14.Bxc3 Nc6 15.Ng1 Nd8
16.f4 f5 17.exf6 Bxf6 18.Qd3 Nf7 19.Nf3 Rfe8 20.Rad1 Rad8 21.Ne5 Bxe5 22.dxe5 c5
23.Qf3 d4 24.Bb2 Re6 25.Re2 Rde8 26.Rde1 g6 27.Kg1 Rf8 28.Qd3  1/2-1/2

[Event "Momotov mem"]
[Site "Enakievo"]
[Date "1997.??.??"]
[Round "?"]
[White "Kiselev, Sergey"]
[Black "Shneider, Aleksandr"]
[Result "1/2-1/2"]
[WhiteElo "2485"]
[BlackElo "2565"]

1.d4 Nf6 2.c4 e6 3.Nf3 b6 4.g3 Ba6 5.b3 Bb4+ 6.Bd2 Be7 7.Bg2 c6 8.Bc3 d5
9.Ne5 Nfd7 10.Nxd7 Nxd7 11.Nd2 O-O 12.O-O Re8 13.cxd5  1/2-1/2

[Event "Momotov mem"]
[Site "Enakievo"]
[Date "1997.??.??"]
[Round "?"]
[White "Shneider, Aleksandr"]
[Black "Timoshenko, Georgy"]
[Result "1/2-1/2"]
[WhiteElo "2565"]
[BlackElo "2510"]

1.d4 Nf6 2.c4 e6 3.Nf3 b6 4.g3 Ba6 5.b3 Bb4+ 6.Bd2 Be7 7.Bg2 c6 8.Bc3 d5
9.Ne5 Nfd7 10.Nxd7 Nxd7 11.Nd2 O-O 12.O-O Rc8 13.e4 c5 14.exd5 exd5 15.dxc5 dxc4
16.c6 cxb3 17.Re1 b2 18.Bxb2 Nc5 19.Nc4 Bxc4 20.Qg4 Bg5 21.Qxc4 Nd3 22.Be5 Nxe1
23.Rxe1 Re8 24.Bh3 Qd2 25.Re2 b5 26.Qc2 Qxc2 27.Rxc2 Kf8 28.c7 Be7 29.Rc6 Bb4
30.Bd4 a5 31.Rc2 g6 32.Bd7 Bd6 33.Bb6 a4 34.Bxb5 Re7 35.Ba6 Rcxc7  1/2-1/2

[Event "Momotov mem"]
[Site "Enakievo"]
[Date "1997.??.??"]
[Round "?"]
[White "Timoshenko, Georgy"]
[Black "Bagaturov, Giorgi"]
[Result "1/2-1/2"]
[WhiteElo "2510"]
[BlackElo "2475"]

1.d4 Nf6 2.c4 e6 3.Nf3 b6 4.g3 Ba6 5.b3 Bb4+ 6.Bd2 Be7 7.Bg2 c6 8.Bc3 d5
9.Ne5 Nfd7 10.Nxd7 Nxd7 11.Nd2 O-O 12.O-O Rc8 13.e4 c5 14.exd5 exd5 15.dxc5 dxc4
16.c6 cxb3 17.Re1 b2 18.Bxb2 Nc5 19.Qg4 Bf6 20.Bxf6 Qxf6 21.Qf3 Qxf3 22.Bxf3 Bb5
23.Re7 a6 24.c7 Rfe8 25.Rxe8+ Bxe8 26.Nc4 Rxc7 27.Nxb6 Ne6 28.Nd5  1/2-1/2

[Event "Feldbach op"]
[Site "Feldbach"]
[Date "1997.??.??"]
[Round "3"]
[White "Schneider Zinner, Harald"]
[Black "Palac, Mladen"]
[Result "1/2-1/2"]
[WhiteElo "2155"]
[BlackElo "2540"]

1.d4 Nf6 2.Nf3 e6 3.c4 b6 4.g3 Ba6 5.b3 Bb4+ 6.Bd2 Be7 7.Bc3 d5 8.Nbd2 O-O
9.Bg2 Nbd7 10.Ne5 Bb7 11.O-O c5 12.Qc2 Rc8 13.Rfd1 cxd4 14.Bxd4 Nxe5 15.Bxe5 Nd7
16.Bc3 Qc7 17.Qb2 e5 18.cxd5 Qxc3 19.Qxc3 Rxc3 20.d6 Bxd6 21.Bxb7  1/2-1/2

[Event "FIN-chT 9798"]
[Site "Finland"]
[Date "1997.??.??"]
[Round "5"]
[White "Sammalvuo, Tapani"]
[Black "Veingold, Aleksandr"]
[Result "0-1"]
[WhiteElo "2375"]
[BlackElo "2460"]

1.d4 Nf6 2.c4 e6 3.Nf3 b6 4.g3 Ba6 5.b3 Bb4+ 6.Bd2 Be7 7.Bg2 c6 8.Bc3 d5
9.Ne5 Nfd7 10.Nxd7 Nxd7 11.Nd2 O-O 12.O-O Rc8 13.e4 c5 14.exd5 exd5 15.dxc5 dxc4
16.c6 cxb3 17.Re1 b2 18.Bxb2 Nc5 19.Nc4 Bxc4 20.Qg4 Bg5 21.Qxc4 Nd3 22.Ba3 Nxe1
23.Rxe1 Re8 24.Be4 g6 25.h4 Bf6 26.Re3 Qd4 27.Qc2 b5 28.Bc5 Qc4 29.Qxc4 bxc4
30.Bxa7 c3 31.Bc5 Re6 32.Kf1 Rce8 33.f3 c2 34.Ba3 Rxc6 35.Bc1 Rc5 36.Ke2 Bd4
37.Rd3 Bc3 38.Re3 Rb8 39.Kd3 Rd8+ 40.Ke2 Bd2  0-1

[Event "FRA-chT9697 groupe A"]
[Site "France"]
[Date "1997.??.??"]
[Round "3"]
[White "Komarov, Dimitri"]
[Black "Pira, Davoud"]
[Result "1-0"]
[WhiteElo "2615"]
[BlackElo "2345"]

1.d4 Nf6 2.Nf3 e6 3.c4 b6 4.g3 Ba6 5.b3 Bb4+ 6.Bd2 Be7 7.Bg2 Bb7 8.Nc3 O-O
9.O-O d5 10.cxd5 exd5 11.Rc1 Nbd7 12.Bf4 c5 13.Rc2 Rc8 14.Nb5 a6 15.Nd6 Bxd6
16.Bxd6 Re8 17.Bh3 Ne4 18.Bf4 f6 19.Qc1 Qe7 20.Qa3 g5 21.Be3 c4 22.Qxe7 Rxe7
23.Bc1 cxb3 24.Rxc8+ Bxc8 25.axb3 Re8 26.Bg2 Kf7 27.Nd2 Nf8 28.Nxe4 dxe4
29.h3 h5 30.Rd1 g4 31.h4  1-0

[Event "FRA-chT9697 groupe A"]
[Site "France"]
[Date "1997.??.??"]
[Round "4"]
[White "Lopez, Jose Luis"]
[Black "Boutroy, Alexis"]
[Result "1/2-1/2"]
[WhiteElo "2210"]
[BlackElo "2195"]

1.d4 e6 2.Nf3 Nf6 3.c4 b6 4.g3 Ba6 5.b3 b5 6.Bg2 bxc4 7.Ne5 Bb4+ 8.Kf1 c6
9.bxc4 O-O 10.Qa4 Qa5 11.Qxa5 Bxa5 12.Bd2 Bb6 13.c5 Bc7 14.f4 Nd5 15.Kf2 f6
16.Nf3 d6 17.e4 Ne7 18.cxd6 Bxd6 19.Rc1 Rc8 20.e5 Bc7 21.Nc3 Nd7 22.Ne4 Bd3
23.Ne1 Bxe4 24.Bxe4 Bb6 25.Be3 Nd5 26.Bxd5 cxd5 27.Nd3 Rc4 28.Rxc4 dxc4 29.Ne1 Ba5
30.Rb1 Bxe1+ 31.Kxe1 Nb6 32.exf6 gxf6 33.Rb5 Nd5 34.Bc1 f5 35.Rb7 a5 36.Ba3 Nc3
37.Bd6 Nxa2 38.Kd2 Ra6 39.Bc5 h5 40.Kc2 Nb4+ 41.Kc3 Nd5+ 42.Kxc4 a4 43.Ba3 Rc6+
44.Bc5 Ra6 45.Ba3 Ne3+ 46.Kb5 Ra8 47.Rc7 h4 48.gxh4 Nd5 49.Rb7 Nxf4 50.Kc4 Nd5
51.h5 Rc8+ 52.Bc5 Ra8 53.h6 Rc8 54.Rg7+ Kh8 55.Kd3 Rc7 56.Rg1 Kh7 57.Ra1 Kxh6
58.Rxa4 Kh5 59.Bd6 Rc3+ 60.Kd2 Rh3 61.Ra8 f4 62.Rh8+ Kg4 63.Rxh3 Kxh3 64.Bxf4 Nxf4
65.Ke3 Ng6 66.Ke4 Kxh2 67.d5 exd5+  1/2-1/2

[Event "FRA-chT9697 groupe A"]
[Site "France"]
[Date "1997.??.??"]
[Round "6"]
[White "Verat, Laurent"]
[Black "Lecuyer, Christian"]
[Result "1/2-1/2"]
[WhiteElo "2300"]
[BlackElo "2230"]

1.d4 Nf6 2.c4 e6 3.Nf3 b6 4.g3 Ba6 5.b3 Bb4+ 6.Bd2 Be7 7.Bg2 Bb7 8.Nc3 d6
9.O-O Nbd7 10.Qc2 c5 11.d5 exd5 12.Nh4 O-O 13.Nf5 Rb8 14.cxd5 a6 15.Bf4 Ne8
16.Rad1 g6 17.Nxe7+ Qxe7 18.Qe4 Ne5 19.Bh6 Ng7 20.f4 f5 21.Qe3 Nc6 22.Qxe7 Nxe7
23.e4 fxe4 24.g4 e3 25.Rfe1 Kh8 26.Rxe3 Ng8 27.Bg5 h6 28.Bh4 Rxf4 29.h3 Rd4
30.Rf1 b5 31.Bg3 Rd8 32.Rf7 Ba8 33.Ne2 Rd1+ 34.Kf2 g5 35.Nc3 Rd2+ 36.Re2 Rd3
37.Re3 Rd2+ 38.Re2 Rd3 39.Re3  1/2-1/2

[Event "Arnold mem"]
[Site "Gausdal"]
[Date "1997.??.??"]
[Round "1"]
[White "Johansen, Arild"]
[Black "Davies, Nigel R"]
[Result "0-1"]
[WhiteElo "2160"]
[BlackElo "2505"]

1.d4 Nf6 2.c4 e6 3.Nf3 b6 4.g3 Ba6 5.b3 Bb7 6.Bg2 Bb4+ 7.Bd2 Be7 8.O-O O-O
9.Bc3 c5 10.Nbd2 d6 11.Re1 a6 12.Qc2 Nbd7 13.e4 cxd4 14.Nxd4 Qc7 15.Nf1 Rac8
16.a4 Rfd8 17.Rad1 Bf8 18.Rc1 Qb8 19.Ne3 Qa8 20.f3 d5 21.exd5 exd5 22.Qf2 Ne5
23.Bf1 dxc4 24.Nxc4 Nxf3+ 25.Nxf3 Ng4 26.Qb2 Bxf3 27.b4 b5 28.axb5 axb5 29.Ra1 Qb7
30.h3 bxc4 31.hxg4 Bxg4 32.Qf2 Rd7 33.Bg2 Qc7 34.Ra6 Qd8 35.Qf4 h5 36.b5 Rd3
37.Rc1 Bc5+ 38.Kh2 Be3 39.Qe5 Qg5 40.Qxg5 Bxg5 41.Rb1 Rxc3 42.b6 h4 43.gxh4 Bf4+
44.Kg1 Rb3  0-1

[Event "Geneve op"]
[Site "Geneve"]
[Date "1997.??.??"]
[Round "1"]
[White "Peric, Slavisa"]
[Black "Epishin, Vladimir"]
[Result "1/2-1/2"]
[WhiteElo "2260"]
[BlackElo "2600"]

1.d4 Nf6 2.c4 e6 3.Nf3 b6 4.g3 Ba6 5.Qb3 c5 6.d5 exd5 7.cxd5 g6 8.Bf4 d6
9.Bg2 Bg7 10.Qe3+ Kf8 11.Nc3 h6 12.Qc1 Qe7 13.O-O Nbd7 14.h3 Re8 15.a4  1/2-1/2

[Event "BL2-O9697"]
[Site "Germany"]
[Date "1997.??.??"]
[Round "?.4"]
[White "Goehring, Karl Heinz"]
[Black "Priehoda, Vitezslav"]
[Result "1-0"]
[WhiteElo "2300"]
[BlackElo "2425"]

1.d4 Nf6 2.c4 e6 3.Nf3 b6 4.g3 Ba6 5.b3 b5 6.cxb5 Bxb5 7.Bg2 d5 8.O-O Nbd7
9.Nc3 Bc6 10.Bb2 Be7 11.Ne5 Bb7 12.Rc1 Nxe5 13.dxe5 Nd7 14.e4 c6 15.Na4 O-O
16.Bd4 Qa5 17.f4 Rfc8 18.f5 Ba3 19.Rc2 Qd8 20.Bh3 Qe7 21.fxe6 fxe6 22.Qg4 Re8
23.exd5 cxd5 24.Rc7 Ba6 25.Rf2 Bb5 26.Nc3 Qb4 27.Nxb5 Qxb5 28.Bf1  1-0

[Event "BL9697 (Women)"]
[Site "Germany"]
[Date "1997.??.??"]
[Round "?"]
[White "Heinatz, Gundula"]
[Black "Litinskaya, Marta I"]
[Result "0-1"]
[WhiteElo "2205"]
[BlackElo "2355"]

1.d4 Nf6 2.c4 e6 3.Nf3 b6 4.g3 Ba6 5.Qc2 c5 6.Bg2 Nc6 7.dxc5 Bxc5 8.a3 Rc8
9.O-O Be7 10.b4 Bb7 11.Bb2 O-O 12.Rd1 h6 13.Nc3 Nb8 14.Nd2 Bxg2 15.Kxg2 Qc7
16.Rac1 Qb7+ 17.Kg1 Ne8 18.Qd3 f5 19.Nf3 Bf6 20.Rc2 a6 21.Na4 Bxb2 22.Rxb2 Nf6
23.b5 Ne4 24.bxa6 Qxa6 25.Nxb6 Rc7 26.Rdb1 Ra7 27.a4 d6 28.Rb5 Nc6 29.a5 Qb7
30.Nd5 Qd7 31.Nc3 Nc5 32.Qe3 Nxa5 33.Ne5 Qc7 34.R1b4 Rc8 35.Nd3 Nab7 36.Nf4 Re8
37.Ncd5 Qd7 38.Nb6 Qc6 39.f3 Ra1+ 40.Kf2 Ra7 41.h4 Ra2 42.Rb2 Rxb2 43.Rxb2 Nd8
44.Rb5 Nf7 45.Nd3 Nxd3+ 46.exd3 Ne5 47.Ke2 Kh7 48.Rb4 Rb8 49.d4 Nxc4 50.Rxc4 Qxb6
51.Qxe6 Qb2+ 52.Kf1 Qa1+  0-1

[Event "BL9697 (Women)"]
[Site "Germany"]
[Date "1997.??.??"]
[Round "?"]
[White "Bielicki, Birke"]
[Black "Jahn, Constanze"]
[Result "1-0"]
[WhiteElo "2095"]
[BlackElo "2225"]

1.d4 Nf6 2.c4 e6 3.Nf3 b6 4.g3 Ba6 5.Qb3 c5 6.d5 exd5 7.cxd5 c4 8.Qe3+ Qe7
9.Nc3 Qxe3 10.Bxe3 Bb4 11.O-O-O Bxc3 12.bxc3 Bb7 13.Bg2 O-O 14.Nh4 Re8 15.Rhe1 Ne4
16.Kc2 Na6 17.Nf5 Nec5 18.Bd4 g6 19.Nd6 Rf8 20.Bf6 Rab8 21.Be7 Rfc8 22.Nxc8 Rxc8
23.Rd4 Kg7 24.e4 Nd3 25.Re2 f6 26.f4 Nc7 27.a4 Kf7 28.Bd6 Ne8 29.e5 fxe5
30.fxe5 Nxd6 31.exd6 Kg8 32.Rde4 Nc5 33.Re8+ Rxe8 34.Rxe8+ Kf7 35.Re7+ Kf6
36.Kd2 Bc8 37.Bf1 Nxa4 38.Bxc4 Nc5 39.Ke3 h6 40.Kd4 a5 41.Re1 Nb7 42.Rf1+ Kg7
43.Rb1 Nxd6 44.Rxb6 Nf5+ 45.Kc5 Ne3 46.Bd3 g5 47.Rb8 d6+ 48.Kxd6 Bg4 49.Ra8  1-0

[Event "Landesliga Sued 9697 Bayern"]
[Site "Germany"]
[Date "1997.??.??"]
[Round "?"]
[White "Haizmann, Thomas"]
[Black "Wagner, Simon"]
[Result "1/2-1/2"]
[WhiteElo "2000"]
[BlackElo "1995"]

1.d4 Nf6 2.c4 e6 3.Nf3 b6 4.g3 Ba6 5.b3 Bb4+ 6.Bd2 Be7 7.Bg2 d5 8.Ne5 c6
9.O-O Nfd7 10.Nxd7 Nxd7 11.cxd5 cxd5 12.Re1 Nf6 13.b4 Qd7 14.a4 Ne4 15.b5 Bb7
16.Qb3 O-O 17.Ra2 Rfc8 18.Nc3 Nd6 19.e3 a6 20.Bf1 a5 21.Rc1 Rc7 22.Nb1 Rac8
23.Rac2 Nc4 24.Bc3 h5 25.Nd2 h4 26.Nf3 hxg3 27.hxg3 f6 28.Be1 Kf7 29.Bg2 Nd6
30.Rxc7 Rxc7 31.Rxc7 Qxc7 32.Qd1 Ne8 33.Nh4 Bb4 34.Bf3 Bxe1 35.Qxe1 Qc2 36.Bd1 Qc4
37.Bh5+ Ke7 38.Bxe8 Kxe8 39.Qd1 Kd7 40.Ng6 Bc8 41.Nf4 Kd6 42.Nh5 Qc7 43.Qd3 e5
44.Qa3+ Ke6 45.Qf8 exd4 46.Nxg7+ Ke5  1/2-1/2

[Event "BL2-O9798"]
[Site "Germany"]
[Date "1997.??.??"]
[Round "2.4"]
[White "Meister, Peter"]
[Black "Priehoda, Vitezslav"]
[Result "1-0"]
[WhiteElo "2395"]
[BlackElo "2400"]

1.d4 Nf6 2.Nf3 e6 3.c4 b6 4.g3 Ba6 5.Qb3 Bb7 6.Bg2 c5 7.d5 exd5 8.Nh4 g6
9.cxd5 Bg7 10.Qe3+ Kf8 11.Nc3 d6 12.O-O Na6 13.Qd2 Qd7 14.e4 Re8 15.f4 b5
16.f5 Kg8 17.Qf4 Nb4 18.Qf3 Nc2 19.Bg5 Nxa1 20.fxg6 Nc2 21.Bxf6 Nd4 22.Qf2 fxg6
23.e5 dxe5 24.Ne4 Rf8 25.Nxc5 Qd6 26.Ne4 Qb6 27.Kh1 Bxd5 28.Ng5 Bxg2+ 29.Qxg2 Bxf6
30.Qd5+ Kg7 31.Qd7+ Kh6 32.Nf7+ Rxf7 33.Qxf7 Qc6+ 34.Kg1 Ne2+ 35.Kf2 Bxh4
36.Kxe2 Qc2+ 37.Kf3 Qd3+ 38.Kg2 Qe4+ 39.Kh3 Bg5 40.Rf3 Qc6  1-0

[Event "BL2-O9798"]
[Site "Germany"]
[Date "1997.??.??"]
[Round "2.3"]
[White "Goehring, Karl Heinz"]
[Black "Assmann, Thomas"]
[Result "1/2-1/2"]
[WhiteElo "2315"]
[BlackElo "2345"]

1.d4 Nf6 2.c4 e6 3.Nf3 b6 4.g3 Ba6 5.b3 Bb4+ 6.Bd2 Be7 7.Nc3 Bb7 8.Bg2 c5
9.O-O cxd4 10.Nxd4 Bxg2 11.Kxg2 d5 12.cxd5 Nxd5 13.e4 Nb4 14.Be3 O-O 15.Qe2 Qc8
16.Rac1 Qb7 17.Rfd1 N8c6 18.Ndb5 Rad8 19.a3 Na6 20.b4 Nab8 21.Nd4 Nxd4 22.Bxd4 Nc6
23.Be3 Rxd1 24.Rxd1 Rc8 25.Nb5 h6 26.Bf4 Rd8 27.Rxd8+ Nxd8 28.Qd3 a6 29.Nc3 b5
30.Be3 Nc6 31.f4 Bf6 32.Kf2 Bxc3 33.Qxc3 Ne7 34.Bc5 Qc7 35.Ke3 Nc6 36.Qd3 Na5
37.Kf3 Nc4 38.g4 a5 39.h4 a4 40.h5 Qc8 41.Kg3 f6 42.Kf3 Qe8 43.Kg3 Kh8 44.Kh4 Qc8
45.Kg3 Qa8 46.Kh3 e5 47.f5 Qg8 48.Be3 Kh7 49.Kh4 Qe8 50.Kg3 Qc8 51.Bc5 Qc6
52.Kf3  1/2-1/2

[Event "NRW-Liga 9798"]
[Site "Germany"]
[Date "1997.??.??"]
[Round "4"]
[White "Wisskirchen, Andreas"]
[Black "Kotter, Ralf"]
[Result "1/2-1/2"]
[WhiteElo "2300"]
[BlackElo "2295"]

1.d4 Nf6 2.Nf3 e6 3.c4 b6 4.g3 Ba6 5.b3 d5 6.Nbd2 Be7 7.Bg2 O-O 8.O-O Nbd7
9.Bb2 Rc8 10.cxd5 exd5 11.Ne5 c5 12.Re1 Bb7 13.Rc1 Re8 14.Ndf3 Bd6 15.Bh3 Rc7
16.Qd3 Nf8 17.Nh4 Ne6 18.Nef3 Ne4 19.Nf5 Bf8 20.Ne3 N6g5 21.Bg2 Qf6 22.Rf1 Qh6
23.Nh4 Qe6 24.Nf3 Nh3+ 25.Bxh3 Qxh3 26.dxc5 bxc5 27.Nxd5 Rd7 28.Nf4 Rxd3
29.Nxh3 Rxf3 30.exf3 Nd2 31.Ng5 Nxf1 32.Kxf1 h6 33.Ne4 f5 34.Nd2 Ba6+ 35.Kg2 Re2
36.Bc3 Be7 37.a4 Bg5 38.f4 Be7 39.Nc4 Bxc4 40.bxc4 Ra2 41.Ra1 Rc2 42.Re1 Bf8
43.Re3 Kf7 44.a5 g6 45.Rd3 Be7 46.Be5 Ke6 47.Rb3 Rxc4 48.Rb7 Rc2 49.Rxa7 Ra2
50.Ra6+ Kd5 51.Ra7 Ke6 52.Bc3 Rc2 53.Bg7 h5 54.Be5 Ra2 55.a6 c4 56.Rc7 Rxa6
57.Rxc4 Bd6 58.Bxd6 Rxd6 59.Rc7 Kf6 60.Kh3 Re6 61.Kh4 Rd6 62.Rc5 Re6 63.h3 Rd6
64.f3 Rb6 65.g4 hxg4 66.fxg4 fxg4 67.hxg4 Ra6 68.Rd5 Rb6 69.g5+ Kf7 70.Rd7+ Kf8
71.Kg3 Rb3+ 72.Kf2 Ra3 73.Ke2 Rb3 74.Rd3 Rb1 75.Ke3 Re1+ 76.Kd4 Kf7 77.Kd5 Re8
78.Rd4 Rd8+ 79.Ke4 Re8+ 80.Kd3 Re1 81.Rc4 Rd1+ 82.Ke4 Re1+ 83.Kd5 Rd1+ 84.Rd4 Ra1
85.Ke5 Re1+ 86.Kd6 Ra1 87.Rd5 Rf1 88.Ke5  1/2-1/2

[Event "Karsten Kold op"]
[Site "Gistrup"]
[Date "1997.??.??"]
[Round "8"]
[White "Hellsten, Johan"]
[Black "Shipov, Sergei"]
[Result "0-1"]
[WhiteElo "2495"]
[BlackElo "2575"]

1.d4 Nf6 2.c4 e6 3.Nf3 b6 4.g3 Ba6 5.Nbd2 c5 6.e4 cxd4 7.e5 Ng4 8.h3 Nh6
9.Bg2 Nc6 10.O-O Nf5 11.Qa4 Bb7 12.Ne4 Na5 13.Qc2 Rc8 14.b3 Bc5 15.Bf4 O-O
16.g4 Ne7 17.h4 Ng6 18.Bg5 Be7 19.Nd6 Bxf3 20.Bxe7 Qxe7 21.Nxc8 Rxc8 22.Bxf3 Nxe5
23.Be2 Qxh4 24.Qe4 Nac6 25.f3 Qg3+ 26.Kh1 Rf8 27.f4 Nxg4 28.Bxg4 Qxg4 29.Rf2 f5
30.Qd3 Rf6 31.Raf1 Rg6 32.Rh2 Qg3 33.Qd1 Qe3 34.Rf3 Rg1+ 35.Qxg1 Qxf3+ 36.Rg2 g6
37.Qh2 Qf1+ 38.Rg1 Qf3+ 39.Rg2 Kg7 40.Kg1 Qd1+ 41.Kf2 Nb4 42.Qh4 Nd3+ 43.Kg3 Qe1+
44.Kh3 Qxh4+ 45.Kxh4 Nxf4  0-1

[Event "Karsten Kold op"]
[Site "Gistrup"]
[Date "1997.??.??"]
[Round "10"]
[White "Hansen, Sune Normann"]
[Black "Hellegaard, Carsten"]
[Result "0-1"]
[WhiteElo "2150"]
[BlackElo "2270"]

1.d4 Nf6 2.c4 e6 3.Nf3 b6 4.g3 Ba6 5.Qc2 Be7 6.Bg2 O-O 7.O-O c6 8.b3 d5 9.cxd5 cxd5
10.Bb2 Nbd7 11.Nc3 Rc8 12.Qd2 Bb4 13.Ne1 Bxc3 14.Bxc3 Bxe2 15.Qxe2 Rxc3 16.Nd3 Qb8
17.Rac1 Rfc8 18.Rxc3 Rxc3 19.Rc1 Qc7 20.Qb2 Ne4 21.Bxe4 Rxc1+ 22.Nxc1 dxe4
23.Ne2 f5 24.Nf4 Kf7 25.Qe2 Nf6 26.Qb5 g5 27.Ne2 Nd5 28.a4 f4 29.gxf4 gxf4
30.h4 f3 31.Ng3 e3 32.Qd3 Kf8 33.Qe4 Qc1+ 34.Kh2 exf2 35.Qxf3+ Qf4 36.Qxf4+ Nxf4
37.Nf1 Ne2 38.Kg2 Nxd4 39.Nd2 Kf7 40.Kxf2 Kg6 41.Kg3 Kf5  0-1

[Event "Gouda NLD-Top rap"]
[Site "Gouda"]
[Date "1997.??.??"]
[Round "?"]
[White "Piket, Jeroen"]
[Black "Van der Wiel, John TH"]
[Result "1/2-1/2"]
[WhiteElo "2630"]
[BlackElo "2525"]

1.d4 Nf6 2.Nf3 e6 3.c4 b6 4.g3 Ba6 5.Nbd2 Bb4 6.Qc2 Bb7 7.Bg2 Be4 8.Qb3 Bxd2+
9.Bxd2 O-O 10.O-O d6 11.Rac1 Nbd7 12.Rfd1 Qe7 13.Qa3 a5 14.Bh3 Rae8 15.Ne1 Bf5
16.Bf1 e5 17.dxe5 Nxe5 18.Ng2 Bh3 19.Be1 h6 20.Qc3 Ne4 21.Qd4 f5 22.b3 Kh7
23.f3 Ng5 24.Qc3 Ng6 25.Rd5 f4 26.Qd3 Bxg2 27.Kxg2 fxg3 28.hxg3 Qe6 29.Kh2 Kh8
30.Bd2 Ne5 31.Rxe5 dxe5 32.Bxg5 hxg5 33.Bh3 g4 34.fxg4 e4 35.Qe3 Qd6 36.g5 Qc5
37.Qxc5 bxc5 38.Kg2 Re5 39.g6 Rg5 40.Be6 Rxg6 41.Bd5 e3 42.Bf3 Rd8 43.Rc3 Re6
44.Bd5 Re5 45.Rc1 g6 46.g4 Kg7 47.Kg3 Rf8 48.Bf3 Re6 49.Bd5 Ref6 50.Rc3 Re8
51.Rc1 c6 52.Bf3 Rd6 53.a4 Kf6 54.Kf4 Rd4+ 55.Kg3 Rd2 56.Rc3 Kg5 57.Rc1 Re6
58.Rc3 Kf6 59.Rc1 Ke5 60.g5 Kd4 61.Kf4 Re8 62.Rh1 Rf8+ 63.Kg3 Kc3 64.Rh6 Rg8
65.Rh7 Kxb3 66.Re7 Kxc4 67.Rxe3 Kb4 68.Bxc6 c4 69.Re5 Rc8 70.Be4 c3 71.Rb5+ Ka3
72.Bxg6 Rxe2 73.Rxa5 c2 74.Bxc2 Rexc2 75.Kg4 R8c5 76.Ra8 R2c4+ 77.Kh5 Rxa4
78.Rxa4+ Kxa4 79.Kh6 Rxg5  1/2-1/2